MDQL
is popping MORE tags! Check the
thread
!
Quizzes
Events
Quiz Creation
Community
Videos
Private Events
Remove Ads
Sign In
Join for FREE
Feedback
Dark Mode
Quiz Categories
Sports
Geography
Music
Movies
Television
Just For Fun
Miscellaneous
History
Literature
Language
Science
Gaming
Entertainment
Religion
Holiday
For Kids
Quiz Lab
Recent
Popular Today
Quiz Kudos Today
Editor Picks
Curator Picks
Quizzes by...
Day
Popularity
Type
Ratings
Length
Year
Community
Subscriptions
Recent Discussions
Orange Saloon
Badges
Playlists
Quests
Create
Leaderboards
Showdown
Live 5
Trivia Bingo
Activity
Puzzle Library
Sporcle Events
Private Events
Virtual Trivia
Globe League
Become a Host
Pub Owners
SporcleCon
Opinionation
Our Games
Videos
Blog
Mobile Apps
Partnerships
Remove Ads and Go Orange
Feedback
Television
TV Characters
TV Show
Sitcom
Network
Friends
Reality Shows
Cast
South Park
Star Trek
The Simpsons
Doctor Who
Television
TV Characters
TV Show
Sitcom
Network
Friends
Reality Shows
Cast
South Park
Star Trek
The Simpsons
Doctor Who
Random Quiz
Search Sporcle
×
Quiz Lab
Quiz Lab
Television
Survivor
Type in answers that appear in a list
Type in answers that appear in a list
Classic
Best Score? Go Orange.
First voted out each tribe Stats
Can you name the survor first voted out of each tribe?
By
SurvivorObsessed
17m
150 Questions
121 Plays
121 Plays
121 Plays
Comments
Comments
Give Quiz Kudos
Give Quiz Kudos
-
- Ratings
hide this ad
More Info
Replay
Link that replays current quiz
Next Quiz
Link to next quiz in quiz playlist
You Got
0%
They Got
Avg Score
64%
Avg Friend Score
Upgrade to see
Score Distribution
Jump to the score distribution portion of the page
Score
0/150
Timer
17:00
0
Plays Today
Tribe
Member
% Correct
Yanu
Jelinsky
100%
Ogakor
Kel
95%
Masaya
So
93.8%
Tagi
Sonja
92.6%
Heroes
Sugar
92.6%
Yara
Rob
92.5%
Soliantu
Rob
90.9%
Chapera
Rob
90.9%
Ometepe
Francesca
90.9%
Sele
Natalie
90.9%
Solewa
Jessica
90.3%
Bikal
Francesca
90.1%
Pagong
BB
90.1%
Saboga
Tina
90.1%
Casaya
Tina
90.1%
Malakal
Jon
90.1%
Villains
Randy
90.1%
David
Jessica
89.7%
Morgan
Nicole
89.3%
Zapatera
Russell
89.3%
Solarrion
Sarah
89.2%
Merica
Kelly
88.7%
Kucha
Debb
88.4%
Manihiki
Sekou
88.4%
Zhan Hu
Chicken
88.4%
Luzon
David
88.3%
Nuku
J.T.
88.2%
Dara
Nick
88.1%
Ta Keo
Vytas
88%
Vanua
Mari
87.8%
Escameca
Lindsey
87.6%
Gitanos
Nick
87.6%
Ravu
Jessica
87.6%
Bula Bula
Michelle
87.6%
Fang
Michelle
87.6%
Foa Foa
Marisa
87.6%
Matsing
Zane
87.6%
Dakal
Amber
87.3%
Mana
Ciera
87.2%
Barramundi
Jeff
86.8%
Murlonio
Matt
86.8%
Manono
Matt
86.8%
Vinaka
Michelle
86.6%
Jabeni
Natalie
86.4%
Lavita
Chris
86.1%
Rattana
Gretchen
86%
Tambaqui
Ryan
86%
Balboa
Andrew
86%
Koror
Willard
86%
Savaii
Semhar
86%
Tribe
Member
% Correct
Tadhana
Marissa
85.6%
Nagarote
Vince
85.6%
Goliath
Jeremy
85.3%
Maraamu
Peter
85.1%
Chuay Gahn
John
85.1%
Mogo Mogo
Richard
85.1%
Chaboga Mogo
Lex
85.1%
Ulong
Jolanda
85.1%
Nakum
Jim
85.1%
Airai
Mary
85.1%
Yin Yang
J.T.
85.1%
Koru
Wendell
84.9%
Angkor
Peih-Gee
84.8%
Galang
Laura
84.7%
Enil Edam
Corinne
84.7%
Solana
Brice
84.7%
Coyopa
Nadiya
84.5%
Yase
Abraham
84.4%
Ua
Sara
84.4%
Yaxha
Morgan
84.3%
Hae Da Fung
Jaime
84.3%
Dabu
Eliza
84.3%
Jalapao
Carolina
84.3%
Espada
Wendy
84.3%
Dangrayne
R.C.
84.3%
Kasama
Aras
83.8%
Chanloh
Liz
83.5%
Bayon
Monica
83.5%
Orkun
Kass
83.5%
Hunahpu
Drew
83.5%
Boran
Diane
83.5%
Drake
Burton
83.5%
Aitutaki
Billy
83.5%
Salani
Nina
83.5%
Naviti
Morgan
83.3%
Maku Maku
Hali
82.9%
La Flor
Shannon
82.6%
Kalabaw
Dawson
82.6%
Huyopa
Josh
82.5%
Totang
Darnell
82.4%
Vata
Joe
82%
Yasur
Dolly
81.8%
Lopevi
Brook
81.8%
Fei Long
Leslie
81.8%
Aiga
Erik
81.8%
Upolu
Christine
81.8%
Te Tuna
Keith
81.8%
Takali
Rachel
81.7%
Ikabula
Michaela
81.7%
Gota
Allie
81.1%
Tribe
Member
% Correct
Moto Maji
Clarence
81%
Xhakum
Brandon
81%
Timbira
Candace
81%
Forza
Brendan
81%
Libertad
Alina
81%
Manu
Reem
80.6%
Samburu
Carl
80.2%
Alinta
Rory
80.2%
Nobag
Charlie
80.2%
Gondol
Anna
80%
Galu
Yasmin
79.3%
Tikiano
Jonas
79.3%
Lairo
Ronnie
79.3%
Malolo
Gonzalez
79.2%
Kalokalo
Elizabeth
78.8%
Vuku
Natalia
78.8%
Ika
Zach
78.6%
Rotu
Gabe
78.5%
Kota
Paloma
78.5%
Levu
Katrina
77.8%
Vati
Jenny
77.8%
Aitutonga
Nate
77.7%
Lumuwaku
Kellee
77.2%
Jaburu
Janet
76.9%
LaMina
Misty
76.9%
Aparri
Alexis
76.6%
Vokai
Molly
75.9%
Rarotonga
JP
75.2%
Chuay Jai
Ken
74.4%
Jacare
Roger
74.4%
Taku
Marya
74.1%
Yawa
Simone
73.6%
Soko
Roark
73.6%
Sook Jai
Jed
72.7%
Lesu
Rick
72.1%
Moto
Liliana
70.2%
Kula Kula
Chanelle
69.6%
Va Va
Matt
69.2%
Reba
Sean
66.7%
Belo
Brando
62.5%
Dakuwaqa
Sifu
62.5%
Baka
Morriah
61.1%
Vesi
Justine
61.1%
Coco
Lindsay
61.1%
Lulu
Brandon
60%
Tika
Helen
57.1%
Gaia
Dwight
55.6%
Viakana
Tiffany
55.6%
Soka
Claire
53.8%
Ratu
Maddy
53.3%
Quiz Playlist
Details
Report
Send in Message
Add To Playlist
More Info:
Name the first person who was voted out at tribal council of each tribe.
Classic:
Type in answers that appear in a list
Last Updated: Dec 1, 2022
Quiz Scoreboard
CHALLENGE
Sign Up to Join the Scoreboard
Show All
Scores
Hide
Comments
May contain spoilers
Recently Published
Find the 'City' Movie
by crazypaving
Movies
60s
5x2 Blitz: Bands
by SL_Kpop136
Music
30s
Colored Red Africa Blitz
by spor1
Geography
30s
More to Explore
Quiz From the Vault
Featured Blog Post
14 Easter Pick-up Lines to Find Eggs With
hide this ad
You Might Also Like...
Tags
first
Survivor
tribe
Voted
Today's Top Quizzes in Television
Browse Television
hide this ad
Today's Top Quizzes in Survivor
Browse Survivor
Top Contributed Quizzes in Television
1
Survivor Journey Challenge
2
Brooklyn Nine Nine Logic Puzzle (How-To-Play)
3
Phoebe Buffay Quotes
4
Survivor Trivia
5
Survivor Logic Puzzle: Heroes vs. Villains
6
One Tree Hill Logic Puzzle
7
Survivor Heroes vs. Villains Logic Puzzle
8
All US Survivor Seasons in Order
9
Game of Thrones: Tywin Lannister Start to Finish
10
Emmerdale Characters (from August 2012)
Explore More
Trending Topics
Disney
Crossword
NBA
Harry Potter
Anime
Marvel
Kpop
WWE
Pokémon
The Office
Soccer
Song
Country
Puzzle
NFL
hide this ad
More By:
SurvivorObsessed
Quiz
Plays
Rating
Category
Featured
Created
Survivor 1, 2 and 3 letter names
1,361
4.85
Television
Jun 15, 2014
Survivor returning players best average placement
974
4.89
Television
May 12, 2014
Survivor 4 letter names
912
5.00
Television
Jun 15, 2014
Survivor same name different spelling
842
4.54
Television
Jun 1, 2015
Survivor DVD covers
836
5.00
Television
May 1, 2015
Go to Creator's Profile
Score Distribution
Quiz Creator Spotlight
SurvivorObsessed
Follow
Send a Message
Quizzes Created
-
Created Quiz Play Count
-
More By This Creator
Popular Quizzes Today
1
Colored Red Africa Blitz
2
Find the US States - No Outlines Minefield
3
Find the 'City' Movie
4
5x2 Blitz: Bands
5
The Countries of the World
6
Find the US States
7
US States
8
9x9 Crossword: Cartoon Network
More Television Quizzes
Match the Queer ship to the show
Quiz Lab
Trending Quizzes
Colored Red Europe Blitz I
Colored Red Europe Blitz II
Colored Red Africa Blitz II
Colored Red Africa Blitz III
Colored Red Europe Blitz III
Recently Updated
Godzilla Movies
pecheneg
Grab Bag: 4-10 Letters
pecheneg
2024 March Madness Bracket
pecheneg
Famous TV Couples
Peacemaker
Champions League XIs: Real Madrid
pecheneg
Largest US Cities 1790-2010
pecheneg
Rides in Walt Disney World
pecheneg
Most Oscar Losses (Acting)
pecheneg
Beyoncé Albums
pecheneg
Leaping Animals
pecheneg
Trending Topics
Disney
Kpop
Harry Potter
Crossword
NBA
Anime
Marvel
Puzzle
Song
Country
The Office
Pokémon
NFL
WWE
Soccer
Your Account Isn't Verified!
In order to create a playlist on Sporcle, you need to verify the email address you used during registration. Go to your
Sporcle Settings
to finish the process.
Report this User
Report this user for behavior that violates our
Community Guidelines
.
Details:
Send Report
Go to the Sporcle.com Mobile Site →
Comments